The issue of the hijab in classical and modern Muslim scholarship /
Saved in:
| Main Author: | |
|---|---|
| Format: | Thesis |
| Language: | English |
| Published: |
London :
University of London,
1987
|
| Subjects: | |
| Tags: |
Add Tag
No Tags, Be the first to tag this record!
|
| LEADER | 010290000a22002530004500 | ||
|---|---|---|---|
| 008 | 110720t1987 enk g m 000 0 eng d | ||
| 040 | |a UIAM |b eng | ||
| 043 | |a enk-uk--- | ||
| 050 | |a GT1720.2 | ||
| 100 | 1 | |a Hutchinson, Sarah | |
| 245 | 1 | 4 | |a The issue of the hijab in classical and modern Muslim scholarship / |c by Sarah Hutchinson |
| 260 | |a London : |b University of London, |c 1987 | ||
| 300 | |a x, 231 p. ; |c 30 cm. | ||
| 500 | |a "A thesis submitted for the degree of PhD in the University of London."--On t. p. | ||
| 502 | |a Thesis (Ph. D.) -- University of London, 1987. | ||
| 504 | |a Includes bibliographical references (p. 221-231). | ||
| 596 | |a 1 | ||
| 650 | 0 | |a Muslim women |x Clothing | |
| 650 | 0 | |a Hijab | |
| 650 | 0 | |a Clothing and dress |x Religious aspects Islam | |
| 655 | 0 | 7 | |a Theses, Facsimile edition (Islamic) |
| 900 | |a hj-mz to his | ||
| 999 | |c 435212 |d 464095 | ||
| 952 | |0 0 |6 TI GT 001720.2 H978I 1987 |7 0 |8 THESES |9 757481 |a IIUM |b IIUM |c MULTIMEDIA |g 640.00 |o ti GT 1720.2 H978I 1987 |p 00011204358 |r 2017-10-23 |t 1 |v 640.00 |y THESIS | ||
